[Event "POL-chT U19 3rd League Wielkopolska"]
[Site "Wielkopolska"]
[Date "2014.12.30"]
[Round "9.20"]
[White "Dixa, Oskar"]
[Black "Przymus, Lukasz"]
[Result "1-0"]
[WhiteElo "1432"]
[BlackElo "1313"]
[PlyCount "73"]
[EventDate "2014.01.18"]
[EventType "team-tourn"]
[EventRounds "9"]
[EventCountry "POL"]
[SourceTitle "EXT 2020"]
[Source "ChessBase"]
[SourceDate "2019.10.17"]
[SourceVersion "1"]
[SourceVersionDate "2019.10.17"]
[SourceQuality "1"]
[WhiteTeam "Kalisz KTS U19 II"]
[BlackTeam "Jarocin JKSW U19"]
[WhiteTeamCountry "POL"]
[BlackTeamCountry "POL"]

1. e4 Nf6 2. e5 Nd5 3. d4 d6 4. c4 Nb6 5. exd6 cxd6 6. Nf3 Bg4 7. b3 g6 8. Bb2 Bg7 9. Nbd2 Nc6 10. Be2 0-0 11. 0-0 Qc7 12. h3 Bf5 13. Qc1 Nb4 14. Nh4 Bd3 15. Bxd3 Nxd3 16. Qc2 Nxb2 17. Qxb2 e5 18. Nhf3 Rfe8 19. Rfe1 Nd7 20. Rad1 exd4 21. Nxd4 Qc5 22. Ne4 Qb6 23. Kf1 Nc5 24. Qc2 Nxe4 25. Rxe4 f5 26. Rxe8+ Rxe8 27. Nb5 Bf8 28. Qd3 Rd8 29. Qd5+ Kg7 30. a4 Be7 31. Re1 Bf6 32. Rd1 Be5 33. c5 Qa6 34. Kg1 Qa5 35. cxd6 Kf6 36. Qxb7 a6 37. Qe7# 1-0

[Event "POL-chT U19 3rd League Wielkopolska"]
[Site "Wielkopolska"]
[Date "2014.12.30"]
[Round "4.14"]
[White "Przymus, Lukasz"]
[Black "Olkowski, Lukasz"]
[Result "1-0"]
[WhiteElo "1313"]
[BlackElo "1364"]
[PlyCount "115"]
[EventDate "2014.01.18"]
[EventType "team-tourn"]
[EventRounds "9"]
[EventCountry "POL"]
[SourceTitle "EXT 2020"]
[Source "ChessBase"]
[SourceDate "2019.10.17"]
[SourceVersion "1"]
[SourceVersionDate "2019.10.17"]
[SourceQuality "1"]
[WhiteTeam "Jarocin JKSW U19"]
[BlackTeam "Koscielec UKS Kielbaska U19"]
[WhiteTeamCountry "POL"]
[BlackTeamCountry "POL"]

1. e4 Nf6 2. e5 Nd5 3. c4 Nb6 4. d4 d6 5. f4 dxe5 6. fxe5 Nc6 7. Be3 Bf5 8. Nc3 e6 9. Be2 Be7 10. Nf3 h6 11. b3 Qd7 12. a3 a5 13. d5 Na7 14. Bxb6 cxb6 15. d6 Bd8 16. Nd4 f6 17. Nxf5 exf5 18. Bh5+ Kf8 19. 0-0 fxe5 20. Qd3 f4 21. Bg6 Bg5 22. Bf5 Qf7 23. d7 Rd8 24. Qd6+ Be7 25. Qxe5 Bf6 26. Qd6+ Be7 27. Qxf4 g6 28. Bxg6 Qxf4 29. Rxf4+ Kg7 30. Bf5 Bf6 31. Rc1 Nc6 32. Nd5 Bg5 33. Rg4 Ne5 34. Rg3 Nxd7 35. Bxd7 Rxd7 36. Nxb6 Re7 37. Nd5 Re5 38. Rd1 Kh7 39. Rf3 Kg6 40. g3 Rhe8 41. h4 Bd8 42. Nf4+ Kg7 43. Rd7+ R5e7 44. Ne6+ Kg6 45. Rxd8 Rxe6 46. Rxe8 Rxe8 47. Kf2 Re7 48. g4 Re4 49. Kg3 Re1 50. h5+ Kg7 51. Kf4 Re6 52. Rd3 b6 53. Kf5 Rc6 54. Rd7+ Kf8 55. Ke5 Ke8 56. Rd6 Rc5+ 57. Kd4 Rg5 58. Rg6 1-0